000 00424nam a2200181Ia 4500
001 10456
005 20260306161833.0
008 260306t1968||||xx |||||||||||||| ||spa||
041 _aESP
082 _a929.8143
_bH41
100 _aHermann, Armin [aut.]
_eAUT
245 0 _aPremios nobel Alemania
260 _c1968
300 _a166 páginas :
_c24 cm.
650 _aGEN
654 _aCHU
942 _cLIB
_dJUS
_fJUS
_2ddc
_n
999 _c10456
_d10456